000 00668nam a2200217 a 4500
999 _c3852
_d3852
001 3852
003 BD-JhCC
005 20171119095045.0
008 171119s1972 bg a|||| |||| 000 0 ben d
035 _a(BD-JhCC) 3852
040 _aBD-JhCC
_dBD-JhCC
041 _aben
082 _a891.4415
_bHOS 1972
100 _aহোসেন, আখতার
245 _aহালচাল /
_cআখতার হোসেন
260 _aঢাকা :
_bঅ্যাসোসিয়েটেড প্রিন্টার্স,
_c১৯৭২.
300 _a৩৮ পৃ. :
_c২১ সেমি.
_bill. ;
650 _aRhyme
942 _2ddc
_cBK